[Event "Malopolska Region-chB"]
[Site "Krakow"]
[Date "2019.06.21"]
[Round "4"]
[White "Bajorski, Leszek"]
[Black "Wnek, Filip"]
[Result "0-1"]
[WhiteElo "1967"]
[BlackElo "1694"]
[PlyCount "68"]
[EventDate "2019.06.20"]
[EventType "swiss"]
[EventRounds "7"]
[EventCountry "POL"]
[SourceTitle "EXT 2020"]
[Source "ChessBase"]
[SourceDate "2019.10.17"]
[SourceVersion "1"]
[SourceVersionDate "2019.10.17"]
[SourceQuality "1"]

1. e4 c5 2. Nf3 Nc6 3. Bb5 Nd4 4. Nxd4 cxd4 5. c3 e5 6. cxd4 exd4 7. 0-0 Be7 8. d3 Nf6 9. Nd2 0-0 10. e5 Ne8 11. Ne4 d6 12. Bxe8 Rxe8 13. exd6 Bxd6 14. Qa4 Bf5 15. f3 Bxe4 16. fxe4 Qh4 17. h3 Qg3 18. Rf3 Qe1+ 19. Rf1 Bh2+ 20. Kxh2 Qxf1 21. Qxd4 Rad8 22. Qa4 Re6 23. Bg5 Qxa1 24. Bxd8 Qxb2 25. Bc7 h5 26. Qxa7 Rg6 27. Bg3 h4 28. Bf2 Qe5+ 29. Kh1 Qa1+ 30. Bg1 Qf1 31. Qf2 Qxf2 32. Bxf2 Ra6 33. Bxh4 Rxa2 34. Be7 Rd2 0-1

[Event "Hessen-chA"]
[Site "Frankfurt"]
[Date "2018.05.12"]
[Round "5"]
[White "Haack, Kevin"]
[Black "Bajorski, Leszek"]
[Result "1/2-1/2"]
[WhiteElo "1846"]
[BlackElo "1970"]
[PlyCount "55"]
[EventDate "2018.05.10"]
[EventType "swiss"]
[EventRounds "7"]
[EventCountry "GER"]
[SourceTitle "EXT 2019"]
[Source "ChessBase"]
[SourceDate "2018.10.10"]
[SourceVersion "1"]
[SourceVersionDate "2018.10.10"]
[SourceQuality "1"]

1. c4 Nf6 2. Nc3 c5 3. g3 e6 4. Bg2 d5 5. cxd5 exd5 6. d4 cxd4 7. Qxd4 Nc6 8. Qd1 d4 9. Ne4 Nxe4 10. Bxe4 Be7 11. Bg2 0-0 12. Nf3 Bf5 13. 0-0 Bf6 14. Ne1 Qb6 15. Nd3 Rfe8 16. Re1 Nb4 17. Nxb4 Qxb4 18. a3 Qb5 19. a4 Qb4 20. Qd2 Qe7 21. b3 d3 22. Ba3 Qe6 23. exd3 Qxb3 24. Rxe8+ Rxe8 25. d4 Qxa4 26. Bb2 Qb5 27. Rxa7 Be4 28. Bxe4 1/2-1/2

[Event "Rhein Main op-B 20th"]
[Site "Bad Homburg"]
[Date "2017.06.15"]
[Round "3"]
[White "Stork, Christopher"]
[Black "Bajorski, Leszek"]
[Result "0-1"]
[WhiteElo "1630"]
[BlackElo "1960"]
[PlyCount "130"]
[EventDate "2017.06.14"]
[EventType "swiss"]
[EventRounds "7"]
[EventCountry "GER"]
[SourceTitle "EXT 2018"]
[Source "ChessBase"]
[SourceDate "2017.10.13"]
[SourceVersion "1"]
[SourceVersionDate "2017.10.13"]
[SourceQuality "1"]

1. e4 e6 2. d4 d5 3. Nc3 dxe4 4. Nxe4 Bd7 5. Nf3 Bc6 6. Bd3 Nd7 7. 0-0 Ngf6 8. Re1 Nxe4 9. Bxe4 Bxe4 10. Rxe4 Nf6 11. Re1 Be7 12. c3 0-0 13. Bf4 Nd5 14. Bg3 c6 15. Qb3 Qb6 16. Qxb6 axb6 17. a3 b5 18. Re2 b4 19. Rc2 bxc3 20. bxc3 c5 21. dxc5 Bxc5 22. c4 Nb4 23. Rc3 Nc6 24. Rb3 Ra7 25. Rab1 b6 26. Bf4 Rfa8 27. Bc1 Ra4 28. Rc3 Kf8 29. Rbb3 Na5 30. Rb1 Nxc4 31. Ng5 h6 32. Ne4 Bd4 33. Rd3 e5 34. Rbb3 Ke7 35. Kf1 f5 36. Nc3 R4a5 37. Ne2 Bc5 38. Rg3 g5 39. Rh3 Bxa3 40. Rbc3 Bxc1 41. Nxc1 Nd2+ 42. Ke1 Ne4 43. Rc7+ Kd6 44. Rh7 Ra1 45. R7xh6+ Kc5 46. Kd1 Nxf2+ 47. Kd2 R8a2+ 48. Nxa2 Rxa2+ 49. Ke1 Nxh3 50. gxh3 Rxh2 51. Rh5 Rg2 52. Kf1 Rg3 53. Kf2 f4 54. h4 gxh4 55. Rxe5+ Kd4 56. Rb5 Rg6 57. Kf3 Rh6 58. Kg2 h3+ 59. Kh2 Kc4 60. Re5 b5 61. Re4+ Kc3 62. Rxf4 b4 63. Rf3+ Kc2 64. Rf2+ Kb3 65. Kg3 h2 0-1

[Event "Lippe Cup-B 08th"]
[Site "Lieme"]
[Date "2011.10.29"]
[Round "2"]
[White "Bajorski, Leszek"]
[Black "Hoffmann, Michael3"]
[Result "1-0"]
[WhiteElo "1774"]
[BlackElo "1455"]
[PlyCount "81"]
[EventDate "2011.10.28"]
[EventType "swiss"]
[EventRounds "5"]
[EventCountry "GER"]
[SourceTitle "EXT 2012"]
[Source "ChessBase"]
[SourceDate "2011.11.24"]
[SourceVersion "1"]
[SourceVersionDate "2011.11.24"]
[SourceQuality "1"]

1. Nf3 Nf6 2. c4 c5 3. e3 Nc6 4. a3 d5 5. cxd5 Nxd5 6. Qc2 e6 7. b3 Be7 8. Bb2 0-0 9. Be2 Bd7 10. d3 b6 11. Nbd2 Bf6 12. 0-0 Qe7 13. Rac1 Rac8 14. Qb1 Bxb2 15. Qxb2 e5 16. Nc4 f6 17. Rfd1 Be6 18. Bf1 Rfd8 19. h3 Qf7 20. Kh2 Nde7 21. b4 cxb4 22. axb4 b5 23. Na3 a6 24. d4 e4 25. Nd2 f5 26. Nc2 Nd5 27. Ra1 Qh5 28. Re1 g5 29. Rxa6 g4 30. Bxb5 Nc7 31. Rxc6 Nxb5 32. Rxe6 Rd7 33. Re5 Nd6 34. Rc5 Rb8 35. Qb3+ Kh8 36. Qe6 Rdd8 37. Rd5 Nf7 38. Nxe4 Rxd5 39. Qxd5 gxh3 40. Ng3 Qg6 41. Qxf5 1-0

[Event "Main Vogelsberg op 4th"]
[Site "Heusenstamm"]
[Date "2009.05.02"]
[Round "5"]
[White "Bajorski, Leszek"]
[Black "Ehemann, Pascal"]
[Result "0-1"]
[WhiteElo "1796"]
[BlackElo "2018"]
[PlyCount "112"]
[EventDate "2009.04.30"]
[EventType "swiss"]
[EventRounds "7"]
[EventCountry "GER"]
[SourceTitle "CBM 130 Extra"]
[Source "ChessBase"]
[SourceDate "2009.07.02"]
[SourceVersion "2"]
[SourceVersionDate "2009.07.15"]
[SourceQuality "1"]

1. Nf3 Nf6 2. c4 d6 3. b4 g6 4. Bb2 Bg7 5. e3 Nbd7 6. Be2 0-0 7. 0-0 a5 8. a3 c6 9. Qc2 Qb6 10. bxa5 Rxa5 11. Bc3 Ra8 12. d4 d5 13. Nbd2 Qc7 14. a4 dxc4 15. e4 b5 16. d5 cxd5 17. exd5 Nxd5 18. Bxg7 Kxg7 19. axb5 Rxa1 20. Rxa1 c3 21. Nb1 N7b6 22. Nd4 Qc5 23. Qd1 e5 24. Nc2 Bf5 25. Nba3 Rd8 26. Bg4 Bxg4 27. Qxg4 f5 28. Qg3 Nf4 29. Qe3 Qc7 30. Nb4 Nfd5 31. Na6 Qe7 32. Qc5 Qd7 33. Nc2 Rc8 34. Qa3 Qxb5 35. Nab4 Ra8 36. Qc1 Rxa1 37. Qxa1 Nxb4 38. Qxc3 Nxc2 39. Qxc2 Qc4 40. Qb2 Qd4 41. Qb1 e4 42. h3 Nd7 43. Qc1 Qf6 44. Qc4 Qa1+ 45. Kh2 Qe5+ 46. Kg1 e3 47. fxe3 Qxe3+ 48. Kh1 Qe7 49. Qd3 Nf6 50. Qc3 Qd6 51. Qa1 Kh6 52. Qc1+ f4 53. Qe1 g5 54. h4 g4 55. Qa5 Qd1+ 56. Kh2 g3+ 0-1